Los caminos de los libros El trǹsito de libros entre Portugal y Brasil /

Detalles Bibliográficos
Autor principal: Abreu, Mr̀cia
Formato: eBook
Lenguaje:español
Publicado: Bogot:̀ Universidad de Los Andes (Colombia), 2022
Materias:
Acceso en línea:Acceso restringido

MARC

LEADER 00000nam a22000007a 4500
005 20221028221133.0
007 cr|||| ||||
008 221028s2022 co |||||s|||| 00||0 spa d
020 |a 978-958-798-205-3 
035 |a 37423 
040 |a vLex 
090 |c 14062  |d 14062 
100 1 |a Abreu, Mr̀cia 
245 1 3 |a Los caminos de los libros  |h [Recurso electrn̤ico] :  |b El trǹsito de libros entre Portugal y Brasil /  |c Mr̀cia Abreu 
256 |a Servicio en ln̕ea 
260 |a Bogot:̀  |b Universidad de Los Andes (Colombia),  |c 2022 
300 |a 1 recurso electrn̤ico 
506 1 |a Disponible solo en los productos indicados  |d vLex Global  |d vLex Global (Academic Edition, excluding Law Schools)  |d vLex Global (U.S. Academic Edition, Law Schools)  |d vLex Global (U.S. Academic Edition, excluding Law Schools)  |d vLex Global (Academic Edition, Law Schools) 
650 0 4 |a Ciencias sociales  |z Colombia 
740 0 |a vLex Libros (Servicio en ln̕ea) 
856 4 0 |u https://app.vlex.com/#/sources/37423  |z Acceso restringido 
942 |c BOOK 
999 0 |a Social Sciences